| 000 | 00465nam a2200145 a 4500 | ||
|---|---|---|---|
| 001 | 000035960 | ||
| 005 | 20200930074744.0 | ||
| 008 | 111121d1970 dr ac 000 0 spa d | ||
| 040 |
_aDO-SdBNP _bspa _cBNPHU |
||
| 082 |
_axxx _bC348m |
||
| 100 | 1 |
_aCastellanos y Ortega, Nyna _959495 |
|
| 245 | 1 | 0 |
_aMúsica para la enseñanza secundaria / _cNyna Castellanos y Ortega. |
| 260 |
_aSanto Domingo : _bEditora del Caribe, _c1970. |
||
| 300 |
_a277 p. : _bil., retrs. ; _c23 cm. |
||
| 999 |
_c35451 _d35451 |
||